Juicio crítico del informe sobre crédito agrícola que emitió la Sociedad Económica de Amigos del Pais de Santiago / (Record no. 161427)

MARC details
000 -LEADER
campo de control de longitud fija 00840nam a2200181 i 4500
001 - NÚMERO DE CONTROL
campo de control 161427
003 - IDENTIFICADOR DE NÚMERO DE CONTROL
campo de control ES-MaACL
005 - FECHA Y HORA DE LA ÚLTIMA TRANSACCIÓN
campo de control 20250902094506.0
008 - DATOS DE LONGITUD FIJA--INFORMACIÓN GENERAL
campo de control de longitud fija 950614s1885 sp |||| | spa d
100 1# - ENTRADA PRINCIPAL--NOMBRE DE PERSONA
Nombre de persona Parga Sanjurjo, José Antonio.
9 (RLIN) 130854
245 10 - MENCIÓN DEL TÍTULO
Título Juicio crítico del informe sobre crédito agrícola que emitió la Sociedad Económica de Amigos del Pais de Santiago /
Mención de responsabilidad, etc. por José A. Parga y Sanjurjo.
260 ## - PUBLICACIÓN, DISTRIBUCIÓN, ETC.
Lugar de publicación, distribución, etc. Santiago de Compostela :
Nombre del editor, distribuidor, etc. [s.n.],
Fecha de publicación, distribución, etc. 1885 (
Fabricante Tip. de la Gaceta, Felipe de la Torre y Cia.)
300 ## - DESCRIPCIÓN FÍSICA
Extensión VI, 95 p. ;
Dimensiones 20 cm.
650 #4 - PUNTO DE ACCESO ADICIONAL DE MATERIA--TÉRMINO DE MATERIA
Término de materia o nombre geográfico como elemento de entrada Crédito agrícola-
Subdivisión geográfica España.
9 (RLIN) 135837
710 2# - ENTRADA AGREGADA--NOMBRE DE ENTIDAD CORPORATIVA
Nombre de entidad corporativa o nombre de jurisdicción como elemento de entrada Real Sociedad Económica de Amigos del País de Santiago de Compostela
9 (RLIN) 6387
852 ## - LOCALIZACIÓN
Ubicación ES-MaACL
Número de control de estantería T-418-F-1
Nota libre . - Enc. hol.
condición física . - Falto de la cub. original
Nota libre . - Enc. en un vol. facticio
Holdings
Estatus retirado Estado de pérdida Estado de daño No para préstamo Colección Biblioteca de origen Biblioteca actual Ubicación en estantería Fecha de adquisición Total de préstamos Signatura topográfica completa Código de barras Visto por última vez Precio de reemplazo Tipo de ítem Koha
        Colección de folletos Biblioteca del Ateneo de Madrid Biblioteca del Ateneo de Madrid Depósito folletos 17/01/2008   T-418-F-1 1169091 23/02/2023 23/02/2023 Folleto